200 Greatest Albums of the 2010s (Pitchfork) - Statistics

General Stats
  • This quiz has been taken 38 times
  • The average score is 50 of 200
Answer Stats
Rank Artist Album % Correct
41 Beyoncé Lemonade
93%
1 Frank Ocean Blonde
86%
4 Kendrick Lamar To Pimp a Butterfly
86%
10 Frank Ocean Channel Orange
82%
2 Kanye West My Beautiful Dark Twisted Fantasy
79%
57 Kendrick Lamar DAMN.
75%
18 Kendrick Lamar good kid, m.A.A.d city
75%
19 Lana Del Rey Norman F***ing Rockwell!
71%
15 Kanye West Yeezus
71%
3 Beyoncé Beyoncé
64%
37 David Bowie Blackstar
61%
17 Sufjan Stevens Carrie & Lowell
61%
59 Taylor Swift Red
61%
13 Drake Take Care
61%
152 Arctic Monkeys AM
57%
32 Bon Iver Bon Iver
57%
14 Lorde Melodrama
57%
92 Jay-Z & Kanye West Watch the Throne
57%
128 Radiohead A Moon Shaped Pool
54%
24 SZA CTRL
54%
112 Daft Punk Random Access Memories
54%
12 Rihanna ANTI
50%
79 Tame Impala Currents
50%
47 Carly Rae Jepsen E•MO•TION
50%
7 Vampire Weekend Modern Vampires of the City
50%
131 Run the Jewels Run the Jewels 2
50%
149 Mac DeMarco 2
46%
9 D'Angelo & the Vanguard Black Messiah
46%
8 Robyn Body Talk
46%
120 Tyler, The Creator Flower Boy
46%
117 Death Grips The Money Store
46%
76 Arcade Fire The Suburbs
46%
6 Solange A Seat at the Table
43%
188 Pusha T DAYTONA
43%
40 Charli XCX Pop 2
43%
27 Earl Sweatshirt Some Rap Songs
43%
5 Fiona Apple The Idler Wheel is Wiser Than the Driver of the Screw and Whipping Cords Will Serve You More Than Ropes Will Ever Do
43%
84 Chance the Rapper Acid Rap
39%
11 Grimes Art Angels
39%
64 Mitski Be the Cowboy
39%
23 Kacey Musgraves Golden Hour
39%
25 Jamie xx In Colour
39%
21 Beach House Teen Dream
39%
116 Janelle Monáe The ArchAndroid
39%
151 Lady Gaga The Fame Monster
39%
31 Beyoncé 4
36%
94 Vampire Weekend Contra
36%
75 The Weeknd House of Balloons
36%
73 Cardi B Invasion of Privacy
36%
130 Tame Impala Lonerism
36%
28 FKA twigs LP1
36%
150 Playboi Carti Playboi Carti
36%
38 Tierra Whack Whack World
36%
54 Young Thug Barter 6
32%
135 Fleet Foxes Helplessness Blues
32%
147 The National High Violet
32%
22 Destroyer Kaputt
32%
34 Vince Staples Summertime '06
32%
100 Ariana Grande Sweetener
32%
166 Nicki Minaj The Pinkprint
32%
143 Weyes Blood Titanic Rising
32%
44 A Tribe Called Quest We got it from Here... Thank You 4 Your service
32%
63 Danny Brown XXX
32%
69 Drake If You're Reading This It's Too Late
29%
144 PJ Harvey Let England Shake
29%
137 A$AP Rocky LIVE.LOVE.A$AP
29%
30 Mitski Puberty 2
29%
153 Purple Mountains Purple Mountains
29%
155 21 Savage & Metro Boomin Savage Mode
29%
87 Rae Sremmurd SremmLife
29%
52 LCD Soundsystem This Is Happening
29%
50 Grimes Visions
29%
56 Björk Vulnicura
29%
45 Mount Eerie A Crow Looked at Me
25%
61 Arca Arca
25%
65 Future DS2
25%
29 Deerhunter Halcyon Digest
25%
16 Joanna Newsom Have One on Me
25%
71 Robyn Honey
25%
134 M83 Hurry Up, We’re Dreaming
25%
43 Sky Ferreira Night Time, My Time
25%
123 Deafheaven Sunbather
25%
127 Car Seat Headrest Teens of Denial
25%
58 Kamasi Washington The Epic
25%
60 King Krule The OOZ
25%
171 JPEGMAFIA Veteran
25%
118 Leonard Cohen You Want It Darker
25%
91 Bon Iver 22, A Million
21%
169 Paramore After Laughter
21%
179 Shabazz Palaces Black Up
21%
68 Flying Lotus Cosmogramma
21%
145 Chief Keef Finally Rich
21%
72 Father John Misty I Love You, Honeybear
21%
74 SOPHIE OIL OF EVERY PEARL's UN-INSIDES
21%
114 Sampha Process
21%
136 Tim Hecker Ravedeath, 1972
21%
49 Oneohtrix Point Never Replica
21%
160 Noname Room 25
21%
138 Alabama Shakes Sound & Color
21%
33 Big Thief U.F.O.F.
21%
191 Kate Bush 50 Words for Snow
18%
157 The 1975 A Brief Inquiry Into Online Relationships
18%
35 Blood Orange Cupid Deluxe
18%
20 DJ Rashad Double Cup
18%
110 Waka Flocka Flame Flockaveli
18%
193 Lil Peep Hellboy
18%
176 Gil Scott-Heron I'm New Here
18%
122 Snail Mail Lush
18%
55 St. Vincent Strange Mercy
18%
108 Kaytranada 99.9%
14%
39 Bill Callahan Apocalypse
14%
109 Julia Holtery Aviary
14%
53 Jlin Black Origami
14%
124 Real Estate Days
14%
86 Haim Days Are Gone
14%
163 Meek Mill Dreamchasers 2
14%
36 Rosalía El Mar Querer
14%
48 ANOHNI Hopelessness
14%
161 The 1975 I like it when you sleep…
14%
102 Jeremih Late Nights: The Album
14%
162 Sturgill Simpson Metamodern Sounds in Country Music
14%
70 Perfume Genius No Shape
14%
62 Grouper Ruins
14%
105 Disclosure Settle
14%
46 The Knife Shaking the Habitual
14%
67 Courtney Barnett Sometimes I Sit and Think, and Sometimes I Just Sit
14%
80 Aphex Twin Syro
14%
194 Titus Andronicus The Monitor
14%
189 Miranda Lambert The Weight of These Wings
14%
81 Solange When I Get Home
14%
174 Sharon Van Etten Are We There
11%
106 Moses Sumney Aromanticism
11%
26 Angel Olsen Burn Your Fire for No Witness
11%
113 Japandroids Celebration Rock
11%
170 Skee Mask Compro
11%
93 Tirzah Devotion
11%
175 Jessie Ware Devotion
11%
167 Alex G DSU
11%
101 Chromatics Kill for Love
11%
95 Jai Paul Leak 04-13 (Bait Ones)
11%
97 The War on Drugs Lost in the Dream
11%
42 Erykah Badu New Amerykah Part Two: Return of the Ankh
11%
164 Hop Along Painted Shut
11%
66 Fever Ray Plunge
11%
141 Rick Ross Rich Forever
11%
78 Kurt Vile Smoke Ring for My Halo
11%
148 Nicolas Jaar Space Is Only Noise
11%
140 Parquet Courts Sunbathing Animal
11%
107 Dirty Projectors Swing Lo Magellan
11%
180 Chvrches The Bones of What You Believe
11%
77 Four Tet There is Love in You
11%
156 Jenny Lewis The Voyager
11%
99 Bad Bunny X 100PRE
11%
142 Fennesz Agora
7%
177 Margo Price All American Made
7%
183 Elysia Crampton American Drift
7%
88 Jenny Hval Apocalypse, girl
7%
129 Various Artists Bangs and Works Vol. 1: A Chicago Footwork Compilation
7%
119 Girlpool Before the World Was Big
7%
187 Iceage Beyondless
7%
192 Kelela Cut 4 Me
7%
96 Low Double Negative
7%
198 Jean Grae & Quelle Chris Everything's Fine
7%
82 Girls Father, Son, Holy Ghost
7%
195 Downtown Boys Full Communism
7%
197 Fatima Al Qadiri Genre-Specific Xperience
7%
199 Wu Lyf Go Tell Fire to the Mountain
7%
98 Todd Terje It's Album Time
7%
51 DJ Koze Knock Knock
7%
185 Hailu Mergia Lala Belu
7%
181 Jamila Woods LEGACY! LEGACY!
7%
186 Various Artists Mono No Aware
7%
85 Jessica Pratt On Your Own Love Again
7%
89 Caribou Our Love
7%
111 EMA Past Life Martyred Saints
7%
83 Burial Rival Dealer EP
7%
125 Yves Tumor Safe in the Hands of Love
7%
178 Savages Silence Yourself
7%
200 Ratking So It Goes
7%
168 Julianna Barwick The Magic Place
7%
103 Helado Negro This is How You Smile
7%
126 Panda Bear Tomboy
7%
158 Sleigh Bells Treats
7%
154 Mica Levi Under the Skin OST
7%
196 Portal Vexovoid
7%
172 Popcaan Where We Come From
7%
133 Frankie Cosmos Zentropy
7%
104 Waxahatchee Cerulean Salt
4%
184 Soccer Mommy Clean
4%
139 Emeralds Does It Look Like I’m Here?
4%
165 Jay Som Everybody Works
4%
190 Huerco S. For Those of You Who Have Never (and Also Those Who Have)
4%
159 Pallbearer Foundations of Burden
4%
132 Amen Dunes Freedom
4%
121 The Hotelier Home, Like Noplace is There
4%
115 U.S. Girls In a Poem Unlimited
4%
90 Joyce Manor Never Hungover Again
4%
173 Hurray for the Riff Raff Small Town Heroes
4%
182 G.L.O.S.S. Trans Day of Revenge
4%
146 Sheer Mag Compliation
0%
No matching quizzes found
Score Distribution
Percent of People with Each Score
Percentile by Number Answered
Your Score History
You have not taken this quiz